Detalles MARC
| 000 -LÍDER |
| Campo fijo de descripción fija |
01511nam a22003134i 4500 |
| 001 - NÚMERO DE CONTROL |
| Campo de control |
768714001 |
| 003 - IDENTIFICADOR DEL NÚMERO DE CONTROL |
| Campo de control |
CO-MdFUSB |
| 005 - FECHA Y HORA DE LA ULTIMA TRANSACCIÓN |
| control field |
20190202100153.0 |
| 008 - ELEMENTOS DE LONGITUD FIJA -- INFORMACIÓN GENERAL |
| Campo fijo de descripción fija -- Información general |
170929t20152016ck ||||| |||| 00| 0 spa d |
| 020 ## - NÚMERO INTERNACIONAL NORMALIZADO PARA LIBROS |
| Número Internacional Normalizado del libro |
9789588867175 |
| 040 ## - FUENTE DE CATALOGACIÓN |
| Agencia de catalogación original |
CO-MdFUSB |
| Idioma de catalogación |
spa |
| Agencia que realiza la transcripción |
CO-MdFUSB |
| Agencia que realiza la modificación |
CO-MdFUSBC |
| Convenciones de la descripción |
rda |
| 041 ## - CÓDIGO DE IDIOMA |
| Código de idioma para texto/pista de sonido o título separado |
spa |
| 082 ## - NÚMERO DE CLASIFICACIÓN DECIMAL DEWEY |
| Número de la edición del Dewey |
23 |
| Número de clasificación |
253 |
| Clave de autor-Numero de item |
G939p |
| 100 0# - ASIENTO PRINCIPAL--NOMBRE PERSONAL |
| Nombre personal |
Guevara, Alfonso |
| Término relacionador |
autor |
| 245 10 - TÍTULO |
| Título del Material |
Pastores de carne y hueso |
| Parte restante del título - Subtitulo |
: el perfil de la integridad |
| Mención de responsabilidad, etc. |
/ Alfonso Guevara |
| 264 #1 - PRODUCCIÓN, PUBLICACIÓN, DISTRIBUCIÓN, MANUFACTURA, Y COPYRIGHT |
| Lugar de producción, publicación, distribución, manufactura |
Colombia : |
| Nombre del productor, publicador, distribuidor |
Centro de Literatura Cristiana, |
| Fecha de producción, publicación, distribución, manufactura, o copyright |
[2016] |
| 264 ## - PRODUCCIÓN, PUBLICACIÓN, DISTRIBUCIÓN, MANUFACTURA, Y COPYRIGHT |
| Fecha de producción, publicación, distribución, manufactura, o copyright |
©2016 |
| 300 ## - DESCRIPCIÓN FÍSICA |
| Extensión |
303 páginas : |
| Dimensiones |
22 cm. |
| 336 ## - TIPO DE CONTENIDO |
| Fuente |
rdacontent |
| Término de tipo de contenido |
texto |
| Código de tipo de contenido |
txt |
| 337 ## - TIPO DE MEDIO |
| Fuente |
rdamedia |
| Nombre del tipo de medio |
sin mediación |
| Código del tipo de medio |
n |
| 338 ## - TIPO DE SOPORTE |
| Fuente |
rdacarrier |
| Nombre del tipo de soporte |
volumen |
| Código Tipo de soporte |
nc |
| 505 ## - NOTA DE CONTENIDO |
| Nota de contenido con formato preestablecido |
Comunicación -- Aprendiendo del liderazgo de Jesús -- Aprendiendo del liderazgo de Moisés -- Aprendiendo del liderazgo de David -- Las competencias en el liderazgo -- La formación de líderes -- El líder sabe la importancia del trabajo en equipo -- Santidad -- Renovarse, Reciclarse, Refrescarse -- ¿Qué es la iglesia? -- "Yo edificaré la iglesia" -- La iglesia saludable -- Lo que la gente busca en una iglesia relevante -- La iglesia, un caballo de Troya -- El servicio -- ¿Y la familia? Bien, gracias -- Ovejas con pelo, no con lana -- ¿Qué tenían estos hombres que eran únicos? |
| 563 ## - NOTA DE ENCUADERNACIÓN |
| Nota de encuadernación |
Rústico |
| 650 #7 - ASIENTO SECUNDARIO DE MATERIA - TERMINO TEMÁTICO |
| 9 (RLIN) |
227 |
| Término temático o nombre geográfico como elemento de entrada |
Teología pastoral |
| 650 #0 - ASIENTO SECUNDARIO DE MATERIA - TERMINO TEMÁTICO |
| 9 (RLIN) |
19 |
| Término temático o nombre geográfico como elemento de entrada |
Vida cristiana |
| 650 #0 - ASIENTO SECUNDARIO DE MATERIA - TERMINO TEMÁTICO |
| Término temático o nombre geográfico como elemento de entrada |
Vida espiritual |
| 9 (RLIN) |
51 |
| 650 #7 - ASIENTO SECUNDARIO DE MATERIA - TERMINO TEMÁTICO |
| 9 (RLIN) |
227 |
| Término temático o nombre geográfico como elemento de entrada |
Teología pastoral |
| 942 ## - TIPO DE MATERIAL (KOHA) |
| Tipo de Item KOHA |
Libros General |